Dāʼirat al-maʻārif-i giyāh-i darmānī-i Īrān /
Saved in:
| Main Author: | |
|---|---|
| Format: | Book |
| Language: | Persian |
| Published: |
Tihrān :
Ḥāfiẓ-i Nuvīn,
1388 [2009 or 2010]
|
| Edition: | Chāp-i 1. |
| Subjects: | |
| Tags: |
Add Tag
No Tags, Be the first to tag this record!
|
| LEADER | 00847nam a2200229 a 4500 | ||
|---|---|---|---|
| 001 | 012005698-4 | ||
| 005 | 20130806141637.0 | ||
| 008 | 090616s2009 ir a b 001|0|perod | ||
| 020 | |a 9789648264692 | ||
| 035 | 0 | |a ocn855484752 | |
| 100 | 1 | |a Ḥājjī Sharīfī, Aḥmad. | |
| 245 | 1 | 0 | |a Dāʼirat al-maʻārif-i giyāh-i darmānī-i Īrān / |c taʼlīf-i Aḥmad Ḥājjī Sharīfī (ʻAṭṭār Iṣfahānī). |
| 246 | 1 | |i Title on p. [4] of cover: |a Medical herbs encyclopedia of Iran | |
| 250 | |a Chāp-i 1. | ||
| 260 | |a Tihrān : |b Ḥāfiẓ-i Nuvīn, |c 1388 [2009 or 2010] | ||
| 300 | |a 1096, [16] p. : |b ill. (some col.), |c 25 cm. | ||
| 504 | |a Includes bibliographical references and index. | ||
| 650 | 0 | |a Medicinal plants |z Iran |v Dictionaries. | |
| 650 | 0 | |a Medicine |z Iran |v Dictionaries. | |
| 752 | |a Iran |d Tehran. | ||
| 988 | |a 20090616 | ||
| 906 | |0 MH | ||


